Giáo trình nhập môn toán tài chính
Tìm hiểu khái quát về tiền tệ và thị trường tài chính, kinh doanh chênh lệch giá, lãi suất và trái phiếu, cổ phiếu, quản lý danh mục đầu tư...Tìm hiểu các khái niệm và thuật ngữ chuyên sâu về tài chính....
Đã lưu trong:
| Formáid: | Leabhar |
|---|---|
| Teanga: | Undetermined |
| Foilsithe: |
Cần Thơ
Nxb. Đại học Cần Thơ
2013
|
| Ábhair: | |
| Clibeanna: |
Cuir Clib Leis
Gan Chlibeanna, Bí ar an gcéad duine leis an taifead seo a chlibeáil!
|
| Thư viện lưu trữ: | Trung tâm Học liệu Trường Đại học Cần Thơ |
|---|
| LEADER | 00970nam a2200181Ia 4500 | ||
|---|---|---|---|
| 001 | CTU_210272 | ||
| 008 | 210402s9999 xx 000 0 und d | ||
| 082 | |a 332 | ||
| 082 | |b Gi108 | ||
| 245 | 0 | |a Giáo trình nhập môn toán tài chính | |
| 245 | 0 | |c Dự án phát triển giáo viên THPT&TCCN. Trường đại học sư phạm Hà Nội | |
| 260 | |a Cần Thơ | ||
| 260 | |b Nxb. Đại học Cần Thơ | ||
| 260 | |c 2013 | ||
| 520 | |a Tìm hiểu khái quát về tiền tệ và thị trường tài chính, kinh doanh chênh lệch giá, lãi suất và trái phiếu, cổ phiếu, quản lý danh mục đầu tư...Tìm hiểu các khái niệm và thuật ngữ chuyên sâu về tài chính. | ||
| 650 | |a Financial security,Toán tài chính,An ninh tài chính,Financial mathematics | ||
| 904 | |i Qhieu | ||
| 980 | |a Trung tâm Học liệu Trường Đại học Cần Thơ | ||